00808nam a22002417a 450000500170000001000150001702000230003203500140005503700130006908200100008210000290009224500890012125000100021026000420022027000460026230000200030870000230032870000230035170000210037494200240039599900190041995201280043820241021150611.0 aENG-142217 a9381236119c100.00 aEN-125749 bDBAD/PUB a551.5 aSureshKumar, S.M.973070 aAgricultural Meteorology/ cS.M. Sureshkumar, G. Baradhan, S. Maniaran and N. Ramesh aFirst aChennaibSri Velan Pathippagam c2012 a5, S.P. Koil StreetbChidambaram e608001 a148p.b21cm(pb) aG. Baradhan973071 aS. Maniaran973072 aN. Ramesh973073 2ddccENh551.5mAGR c206525d206525 001040708NFICaBNbBNd2024-10-21eDBADg100.00l0o551.5 AGRpEN-125749r2024-10-21 00:00:00t1v100.00w2024-10-21yEN